000 00512nam a2200169 i 4500
001 50808
003 ES-MaACL
007 t|
008 030806s1966 sp ||||1| spa d
100 1 _aChambre, Henri.
_937867
245 1 3 _aEl marxismo en la Unión Soviética /
_cHenri Chamber ; [traducción por Pilar de Miguel de Lucas].
250 _a2ª ed.
260 _aMadrid :
_bTecnos,
_c[1966]
300 _a516 p. ;
_c23 cm.
700 1 _aMiguel de Lucas, Pilar de.
_981022
852 _aES-MaACL
_jE-9131
_bR.93453
999 _c50808
_d50808